000 00297nam a22001337a 4500
008 180308b xxu||||| |||| 00| 0 eng d
020 _a019502883-X
041 _aeng
080 _a94
100 _a16
101 _aHIS
245 _aSlavery, Law, & Politics
_cFehrenbacher,D.E
942 _2udc
_cBK
999 _c44440
_d44440